From Quarks to the Cosmos: (Record no. 1353)

MARC details
000 -LEADER
fixed length control field 00863pam a2200277 a 4500
001 - CONTROL NUMBER
control field 2925393
003 - CONTROL NUMBER IDENTIFIER
control field OSt
005 - DATE AND TIME OF LATEST TRANSACTION
control field 20210331171322.0
008 - FIXED-LENGTH DATA ELEMENTS--GENERAL INFORMATION
fixed length control field 890512s1989 nyua 001 0 eng
010 ## - LIBRARY OF CONGRESS CONTROL NUMBER
LC control number 89010207
020 ## - INTERNATIONAL STANDARD BOOK NUMBER
International Standard Book Number 0716760126
040 ## - CATALOGING SOURCE
Original cataloging agency DLC
Transcribing agency DLC
Modifying agency DLC
050 00 - LIBRARY OF CONGRESS CALL NUMBER
Classification number QB43.2
Item number .L43 1989
082 00 - DEWEY DECIMAL CLASSIFICATION NUMBER
Classification number 520 LED 1995
Edition number 20
100 1# - MAIN ENTRY--PERSONAL NAME
Personal name Lederman, Leon M.; Schramm, David N.
9 (RLIN) 3584
245 10 - TITLE STATEMENT
Title From Quarks to the Cosmos:
Remainder of title tools of discovery
260 ## - PUBLICATION, DISTRIBUTION, ETC. (IMPRINT)
Place of publication, distribution, etc. New York :
Name of publisher, distributor, etc. W.H. Freeman,
Date of publication, distribution, etc. 1989.
300 ## - PHYSICAL DESCRIPTION
Extent x, 242 p. :
Other physical details ill. (some col.) ;
Dimensions 24 cm.
440 #0 - SERIES STATEMENT/ADDED ENTRY--TITLE
Title Scientific American Library series ;
Volume/sequential designation no. 28
9 (RLIN) 3585
500 ## - GENERAL NOTE
General note Includes index.
650 #0 - SUBJECT ADDED ENTRY--TOPICAL TERM
Topical term or geographic name as entry element Astronomy.
9 (RLIN) 3586
650 #0 - SUBJECT ADDED ENTRY--TOPICAL TERM
Topical term or geographic name as entry element Particles (Nuclear physics)
9 (RLIN) 3587
906 ## - LOCAL DATA ELEMENT F, LDF (RLIN)
a 7
b cbc
c orignew
d 1
e ocip
f 19
g y-gencatlg
942 ## - ADDED ENTRY ELEMENTS (KOHA)
Source of classification or shelving scheme Dewey Decimal Classification
Koha item type Short Loan
Holdings
Withdrawn status Lost status Source of classification or shelving scheme Damaged status Not for loan Home library Current library Date acquired Inventory number Total Checkouts Full call number Barcode Date last seen Price effective from Koha item type
    Dewey Decimal Classification     MUST Main Library MUST Main Library 08/04/2015 2003/19079   520 LED 1995 2015-0803 08/04/2015 08/04/2015 Short Loan
    Dewey Decimal Classification     MUST Main Library MUST Main Library 08/04/2015 2003/19077   520 LED 1995 2015-0804 08/04/2015 08/04/2015 Short Loan
    Dewey Decimal Classification     MUST Main Library MUST Main Library 08/04/2015 2003/19078   520 LED 1995 2015-0805 08/04/2015 08/04/2015 Short Loan